[Event "Pan American-ch U18"]
[Site "Cuenca"]
[Date "2006.08.??"]
[Round "7"]
[White "Freile, Sebastian"]
[Black "Izquierdo, Ivan"]
[Result "0-1"]
[WhiteElo "2052"]
[BlackElo "2102"]
[PlyCount "52"]
[EventDate "2006.08.??"]
[EventType "swiss"]
[EventRounds "9"]
[EventCountry "ECU"]
[SourceTitle "EXT 2022"]
[Source "ChessBase"]
[SourceDate "2021.10.06"]
[SourceVersion "1"]
[SourceVersionDate "2021.10.06"]
[SourceQuality "1"]

1. d4 f5 2. c4 Nf6 3. Nc3 e6 4. Bg5 c6 5. Qc2 d5 6. cxd5 exd5 7. e3 Bb4 8. Bd3 h6 9. Bh4 g5 10. Bg3 Ne4 11. Nge2 Qe7 12. 0-0 0-0 13. Rae1 Bd6 14. Bxd6 Nxd6 15. Nc1 Be6 16. f3 Qg7 17. Nb3 a5 18. Kh1 Nd7 19. Rf2 b6 20. Na4 Rfc8 21. Rc1 Nc4 22. Re2 Qf6 23. Qd1 g4 24. e4 fxe4 25. fxe4 g3 26. Re1 Qh4 0-1